000 00349nam a2200145Ia 4500
008 230917s9999||||xx |||||||||||||| ||und||
040 _e123377
_aMAIN
041 _aEnglish
082 _a005.1 K673A
100 _aKleinberg, Jon
245 0 _aAlgorithm Design
260 _aNew Delhi
_bPearson Education
_c2009
300 _a838p p.
942 _cBK
999 _c147571
_d147571